[Event "AUTO-MASTER-356"]
[Site "http://www.queenalice.com/game.php?id=248943"]
[Date "2007.8.1"]
[Round "1"]
[White "het_man"]
[Black "KaspaBranca"]
[Result "1/2-1/2"]
[WhiteElo "1940"]
[BlackElo "2201"]

1. e4 d5 2. exd5 Qxd5 3. Nc3 Qe6+ 4. Be2 Nf6 5. Nf3 a6 6. O-O Qd6 7. Ng5 Nc6 8.
Bc4 e6 9. d3 Be7 10. Re1 O-O 11. Nce4 Qd8 12. a3 b5 13. Ba2 Bb7 14. Nxf6+ Bxf6
15. Qh5 h6 16. Ne4 Nd4 17. Qd1 Bxe4 18. dxe4 Nc6 19. c3 Qe7 20. Be3 Kh8 21. f4
Rad8 22. Qh5 e5 23. Rad1 a5 24. f5 b4 25. axb4 axb4 26. Bxh6 gxh6 27. Qxh6+ Kg8
28. Qg6+ Kh8 29. Qh6+ Kg8 30. Qg6+ Kh8 31. Qh6+ 1/2-1/2

[Event "AUTO-MASTER-356"]
[Site "http://www.queenalice.com/game.php?id=248944"]
[Date "2007.8.1"]
[Round "1"]
[White "KaspaBranca"]
[Black "het_man"]
[Result "1-0"]
[WhiteElo "2157"]
[BlackElo "1934"]

1. d4 f5 2. Nf3 Nf6 3. c4 b6 4. Nc3 Bb7 5. Bf4 e6 6. d5 exd5 7. cxd5 d6 8. Ng5
Bc8 9. Qc2 g6 10. Rd1 Bg7 11. Nb5 Na6 12. Qc4 O-O 13. Nd4 Nc5 14. b4 h6 15. Nh3
Nb7 16. Bc1 g5 17. Bb2 a5 18. Rc1 Rf7 19. Ne6 Bxe6 20. dxe6 Re7 21. e4 fxe4 22.
Bxf6 Bxf6 23. Qd5 Ra7 24. bxa5 Nxa5 25. Bb5 Nb7 26. f4 exf3 27. O-O Nc5 28. Rxf3
Be5 29. Nf2 Nxe6 30. Ng4 Bd4+ 31. Kh1 Kg7 32. Re1 Qa8 33. Rxe6 Qxd5 34. Rxe7+
Kh8 35. Rf8+ Qg8 36. Rxg8+ Kxg8 37. Nxh6+ Kh8 38. Bd3 Bg7 39. Re8+ Bf8 40. Rxf8+
1-0

[Event "Challenge"]
[Site "http://www.queenalice.com/game.php?id=260305"]
[Date "2007.8.23"]
[Round "-"]
[White "lesangesleader"]
[Black "het_man"]
[Result "0-1"]
[WhiteElo "1645"]
[BlackElo "1888"]

1. Nf3 Nc6 2. d4 Nf6 3. c4 e6 4. a3 g6 5. Nc3 Bg7 6. e4 O-O 7. Bd3 d6 8. O-O e5
9. d5 Ne7 10. h3 Nh5 11. Qc2 f5 12. Nd2 f4 13. f3 Ng3 14. Rf2 Bf6 15. Nf1 Nh5
16. Re2 Bh4 17. Bd2 Kg7 18. Be1 Ng8 19. Qd2 Qg5 20. Bxh4 Qxh4 21. Qe1 Ng3 22.
Nxg3 fxg3 23. Nb5 Rf7 24. Rc1 b6 25. b4 a6 26. Nc3 Nf6 27. Nd1 Nh5 28. Qf1 Nf4
29. Rd2 g5 30. Ne3 g4 31. Nxg4 Bxg4 32. fxg4 Nxh3+ 0-1

[Event "Challenge"]
[Site "http://www.queenalice.com/game.php?id=263540"]
[Date "2007.8.29"]
[Round "-"]
[White "het_man"]
[Black "Boby"]
[Result "1-0"]
[WhiteElo "1894"]
[BlackElo "1485"]

1. e4 e6 2. d4 d5 3. exd5 exd5 4. Nf3 Bg4 5. Bd3 Nc6 6. c3 Qd7 7. O-O Bd6 8.
Re1+ Nge7 9. b4 a6 10. a4 O-O 11. h3 Bf5 12. Bg5 Ng6 13. Bxf5 Qxf5 14. Na3 Rfe8
15. Qc2 Qd7 16. Qd2 Rxe1+ 17. Rxe1 h6 18. Be3 a5 19. b5 Bxa3 20. bxc6 Qxc6 21.
Qc2 1-0

[Event "AUTO-ADV-481"]
[Site "http://www.queenalice.com/game.php?id=264386"]
[Date "2007.8.31"]
[Round "2"]
[White "het_man"]
[Black "Ernani"]
[Result "1-0"]
[WhiteElo "1896"]
[BlackElo "2019"]

1. e4 d5 2. exd5 Qxd5 3. Nc3 Qa5 4. Bc4 c6 5. a3 Nd7 6. Nge2 e5 7. d3 Ngf6 8.
O-O Bd6 9. Ng3 Qc7 10. Re1 O-O 11. Nf5 Nb6 12. Nxd6 Qxd6 13. Ba2 Nbd5 14. Ne4
Nxe4 15. dxe4 Be6 16. c4 Rad8 17. cxd5 cxd5 18. exd5 Bxd5 19. Bxd5 Qxd5 20. Qxd5
Rxd5 21. Be3 Rb5 22. b4 b6 23. Rac1 Rd8 24. Red1 Re8 25. Rc7 a5 26. bxa5 bxa5
27. g3 Rb3 28. Rdd7 Rxa3 29. Rxf7 h6 30. Rxg7+ Kh8 31. Rh7+ Kg8 32. Rcg7+ Kf8
33. Bc5+ 1-0

[Event "AUTO-ADV-481"]
[Site "http://www.queenalice.com/game.php?id=264387"]
[Date "2007.8.31"]
[Round "2"]
[White "Ernani"]
[Black "het_man"]
[Result "0-1"]
[WhiteElo "1998"]
[BlackElo "1917"]

1. e4 e5 2. Nf3 Nc6 3. Bc4 Bc5 4. O-O Nf6 5. d3 d6 6. h3 Ne7 7. Be3 Ng6 8. Ng5
O-O 9. Nc3 h6 10. Nf3 a6 11. d4 exd4 12. Bxd4 Bxd4 13. Nxd4 b5 14. Bb3 Bb7 15.
f3 c5 16. Nf5 c4 17. Nxd6 Qb6+ 18. Kh1 cxb3 19. Nxb7 bxc2 20. Qxc2 Qxb7 21. Rad1
Rfd8 22. Rd2 Qc7 23. Ne2 Qxc2 24. Rxc2 Rac8 25. Rfc1 Rd1+ 26. Kh2 Rxc1 27. Rxc1
Rxc1 28. Nxc1 Nd7 29. Nd3 Nge5 30. Nb4 Nc5 31. Kg3 Ned3 32. Nxd3 Nxd3 33. b3 Nc1
34. a4 Nxb3 35. axb5 axb5 36. Kf4 Nc5 37. Ke5 Nd3+ 38. Kd4 Ne1 39. Kc5 Nxg2 40.
Kxb5 g5 41. Kc6 Ne1 0-1

[Event "AUTO-ADV-481"]
[Site "http://www.queenalice.com/game.php?id=264388"]
[Date "2007.8.31"]
[Round "2"]
[White "het_man"]
[Black "Constante"]
[Result "1-0"]
[WhiteElo "1913"]
[BlackElo "2032"]

1. e4 e5 2. Nf3 Nc6 3. Bc4 h6 4. d4 Bd6 5. O-O Nf6 6. Re1 O-O 7. a3 Re8 8. Nc3
Na5 9. Ba2 b6 10. dxe5 Bxe5 11. Nxe5 Rxe5 12. f4 Re7 13. e5 Qe8 14. Rf1 Nh7 15.
Nd5 Qd8 16. b4 Nb7 17. Nxe7+ Qxe7 18. Bb2 d6 19. Qd4 dxe5 20. Rae1 exd4 21. Rxe7
Nd6 22. Rxc7 Be6 23. Bxe6 fxe6 24. Bxd4 Nf6 25. c4 Nde4 26. Re1 Rd8 27. Bxf6
Nxf6 28. Rxe6 Rd1+ 29. Kf2 Ng4+ 30. Kg3 h5 31. h3 Nf6 32. Rxa7 Rd3+ 33. Kh4 1-0

[Event "AUTO-ADV-481"]
[Site "http://www.queenalice.com/game.php?id=264389"]
[Date "2007.8.31"]
[Round "2"]
[White "Constante"]
[Black "het_man"]
[Result "1-0"]
[WhiteElo "1977"]
[BlackElo "1927"]

1. e4 e5 2. Nf3 Nc6 3. Bc4 Bc5 4. Bd5 Nf6 5. Nxe5 Nxe5 6. d4 Nxd5 7. exd5 Bd6 8.
dxe5 Bxe5 9. O-O O-O 10. c3 d6 11. Nd2 Re8 12. h3 g6 13. Nf3 Bg7 14. Qd3 Bf5 15.
Qd1 Qc8 16. Nd4 Bd7 17. Bf4 Qd8 18. Nf3 Re4 19. Be3 Qe7 20. Re1 Re8 21. Kf1 Qd8
22. Qd2 Qc8 23. Ng5 R4e5 24. Rad1 1-0

[Event "lesangesleader"]
[Site "http://www.queenalice.com/game.php?id=266023"]
[Date "2007.9.3"]
[Round "1"]
[White "Sinja"]
[Black "het_man"]
[Result "1-0"]
[WhiteElo "2156"]
[BlackElo "1950"]

1. d4 Nf6 2. Nc3 g6 3. e4 d6 4. Bg5 Bg7 5. Qd2 O-O 6. O-O-O Nbd7 7. e5 Ne8 8.
Nf3 c6 9. h4 f6 10. Bh6 b5 11. h5 g5 12. Bxg5 fxg5 13. h6 Bf6 14. Bd3 Nb6 15.
exf6 exf6 16. d5 b4 17. Ne4 Nxd5 18. Bc4 Kh8 19. Bxd5 cxd5 20. Qxd5 Rb8 21. Rhe1
Bb7 22. Qd4 Qa5 23. Nexg5 Bxf3 24. Nxf3 Qxa2 25. Re7 Rf7 26. Rde1 Rxe7 27. Rxe7
1-0

[Event "Challenge"]
[Site "http://www.queenalice.com/game.php?id=275164"]
[Date "2007.9.21"]
[Round "-"]
[White "mateus_amorim"]
[Black "het_man"]
[Result "0-1"]
[WhiteElo "1630"]
[BlackElo "1936"]

1. d4 Nf6 2. Nf3 g6 3. g3 b6 4. Bg2 Bb7 5. b3 Bg7 6. O-O O-O 7. Bd2 d6 8. Qc1
Re8 9. Bh6 Bh8 10. h3 Nbd7 11. Nbd2 Qc8 12. Rb1 e5 13. dxe5 Nxe5 14. Nxe5 Bxg2
15. Kxg2 Rxe5 16. Nf3 Rxe2 17. Be3 Nd5 18. Bg5 Nc3 19. Rb2 Qb7 20. a3 Rae8 21.
b4 Bd4 22. Rb3 Bxf2 23. Rxf2 Rxf2+ 24. Kxf2 Re2+ 25. Kg1 Qxf3 0-1

[Event "Challenge"]
[Site "http://www.queenalice.com/game.php?id=298278"]
[Date "2007.11.4"]
[Round "-"]
[White "mateuserafa"]
[Black "het_man"]
[Result "1-0"]
[WhiteElo "1841"]
[BlackElo "1951"]

1. e4 e5 2. Nf3 c6 3. Nxe5 Qe7 4. d4 d6 5. Nf3 Qxe4+ 6. Be2 Nf6 7. O-O Be7 8.
Bd3 Qg4 9. h3 Qh5 10. Re1 h6 11. Nc3 d5 12. Re5 g5 13. Ne2 Bxh3 14. Ng3 Qg4 15.
Bf5 1-0

[Event "BOARD 2 - DIV. H"]
[Site "http://www.queenalice.com/game.php?id=309163"]
[Date "2007.11.24"]
[Round "1"]
[White "het_man"]
[Black "samurai"]
[Result "0-1"]
[WhiteElo "1927"]
[BlackElo "1996"]

1. e4 d5 2. exd5 Qxd5 3. Nc3 Qe5+ 4. Be2 c6 5. Nf3 Qc7 6. O-O Nf6 7. Re1 Bf5 8.
Nd4 Bg6 9. Bf3 e6 10. d3 Be7 11. g3 O-O 12. Bf4 Bd6 13. Ndb5 cxb5 14. Nxb5 Qd7
15. Nxd6 Nc6 16. Nc4 Rfe8 17. Ne5 Nxe5 18. Bxe5 Nd5 19. b3 Rac8 20. Qd2 Ne7 21.
Rac1 Nc6 22. Qf4 f6 23. Bb2 e5 24. Qa4 a6 25. Bg4 Bf5 26. Bxf5 Qxf5 27. Qe4 Qxe4
28. Rxe4 Red8 29. Rc4 b5 30. Re4 a5 31. a3 Kf7 32. Kf1 Ne7 33. Ke2 Nf5 0-1

[Event "Challenge"]
[Site "http://www.queenalice.com/game.php?id=332172"]
[Date "2008.1.6"]
[Round "-"]
[White "Yellow"]
[Black "het_man"]
[Result "1/2-1/2"]
[WhiteElo "2031"]
[BlackElo "1917"]

1. e4 e5 2. Nf3 Nc6 3. Bb5 a6 4. Ba4 Nf6 5. O-O b5 6. Bb3 Bc5 7. c3 d6 8. a4 Bg4
9. h3 Bh5 10. d3 Rb8 11. axb5 axb5 12. Re1 O-O 13. Nbd2 Ra8 14. Rxa8 Qxa8 15. g4
Bg6 16. Nf1 Qa7 17. Be3 Bxe3 18. Nxe3 Rb8 19. Nh4 b4 20. Bc4 bxc3 21. bxc3 Rb2
22. g5 Nh5 23. Qg4 Qb8 24. Qd7 Na5 25. Nxg6 hxg6 26. Qxf7+ Kh7 27. Be6 Nf4 28.
Nd5 Nxd3 29. Nf6+ Kh8 1/2-1/2

[Event "Challenge"]
[Site "http://www.queenalice.com/game.php?id=344054"]
[Date "2008.1.28"]
[Round "-"]
[White "Harry28"]
[Black "het_man"]
[Result "1-0"]
[WhiteElo "1898"]
[BlackElo "1913"]

1. d4 Nf6 2. c4 g6 3. Nc3 Bg7 4. e4 d6 5. Bd3 e5 6. d5 O-O 7. Nf3 Na6 8. Bg5 Nc5
9. O-O Nxd3 10. Qxd3 h6 11. Bd2 Nh5 12. b4 f5 13. Be3 1-0

[Event "Challenge"]
[Site "http://www.queenalice.com/game.php?id=369264"]
[Date "2008.3.11"]
[Round "-"]
[White "het_man"]
[Black "clemerson"]
[Result "0-1"]
[WhiteElo "1934"]
[BlackElo "1918"]

1. e4 e6 2. d4 d5 3. exd5 exd5 4. Nf3 Bd6 5. Bg5 Ne7 6. Bd3 c5 7. dxc5 Bxc5 8.
O-O Bg4 9. c3 O-O 10. Nbd2 f6 11. Bf4 Ng6 12. Bxb8 Rxb8 13. Qc2 Ne5 14. Bxh7+
Kh8 15. Nh4 f5 0-1